000 00795nam a2200241 i 4500
003 DO-SdBNP
005 20250730095406.0
007 ta
008 250730b2003 dr ||||| |||| 00| 0 spa d
040 _aDO-SdBNP
_bspa
_cBNPHU
_erda
041 _aspa
082 4 _a346.729307
_bR426
_222
110 _aRepública Dominicana.
_9447
245 1 0 _aCódigo de comercio de la República Dominicana :
_bcon sus modificaciones, incluyendo las disposiciones de la Ley 3-02, del 18 de enero del 2002 /
264 1 _aSanto Domingo :
_bEditora Tavárez,
_c2003.
300 _a140, [8] páginas ;
_c22 cm.
336 _atexto
_btxt
_2rdacontent
337 _asin mediación
_bn
_2rdamedia
338 _avolumen
_bnc
_2rdacarrier
590 _aInventariado, 2025/ YL
910 _aYLockward
942 _2ddc
_cLBS1
999 _c59678
_d59678